00425nam a2200145Ia 4500003000400000008004100004040001600045082001500061100002200076245006500098260005400163300001000217650002600227650002600253GCL140319s9999 xx 000 0 eng d aGCL / cGCL04a004.22bSC1 aSTALLING, WILLIAM10aCOMPUTER ORGANIZATION AND ARCHITECTURE / cSTALLING, WILLIAM a[S.N] : bMACMILLAN PUBLBISHING COMPANY ، c1993 a708 P04aCOMPUTER ORGANIZATION04aCOMPUTER ARCHITECTURE